000 00319nam a22001337a 4500
020 _a0236176188
082 _a368.942CLA.
100 _aClayton, G.
245 _aBritish Insurance.
260 _aLondon.
_bElke books
_c1971.
300 _a381p.
_bill.; 24cm.
500 _aIncludes bibliography and Index.
942 _cBK
999 _c14262
_d14262